000 00783nam a2200253 a 4500
001 000045118
003 OSt
005 20240412074304.0
007 ta
008 150203s2011 dr 000 p spa d
020 _a9789945473513
040 _aDO-SdBNP
_bspa
_cBNPHU
082 4 _aRD861.44
_bH519a
_222
100 1 _aHenríquez, Fausto Leonardo,
_d1966-
_973133
245 1 0 _aArca de amasar diluvios /
_cFausto Leonardo Henríquez.
260 _aSanto Domingo :
_bSantuario,
_c2011.
300 _a63 p. ;
_c22 cm.
500 _aIncluye datos biográficos del autor en la solapa de la cubierta.
590 _aInventariado, 2018/LP
650 0 _aPoesía dominicana
_966
650 0 _aLiteratura dominicana.
_967
910 _aValidado. Control de calidad MFF
942 _2ddc
_cLBS1
999 _c44607
_d44607